|
|
|
|
| LEADER |
00000cam a2200000 a 4500 |
| 001 |
73687 |
| 005 |
20230308163054.0 |
| 008 |
000000|1950 ||||||||r|||||||||||spa|| |
| 040 |
|
|
|b spa
|
| 041 |
1 |
|
|a spa
|
| 082 |
0 |
|
|a 547.92
|
| 100 |
1 |
|
|a Mayer, Fritz
|9 38440
|
| 245 |
|
|
|a La Química de las materias colorantes naturales
|c Fritz Mayer
|h imp
|
| 264 |
|
|
|a Madrid
|b Aguilar
|c 1950
|
| 300 |
|
|
|a 400 páginas:
|b ilu
|c 22 cm
|
| 650 |
1 |
0 |
|a Química
|9 12795
|
| 650 |
1 |
|
|a Colorantes
|9 34322
|
| 852 |
|
|
|a UC-CDJBV
|c ESTANTERIA CERRADA
|f Compra
|k mariana.quezada
|l 1
|m General
|p 00000000
|r 2
|t 73687
|b 0
|d CDRC
|e CDRC
|g 547.92 ESTANTERIA CERRADA
|z 0000-00-00
|
| 942 |
|
|
|c BK
|
| 999 |
|
|
|c 20364
|d 20364
|